[Event "AUTO-ADV-3031"]
[Site "http://www.queenalice.com/game.php?id=1240520"]
[Date "2013.12.16"]
[Round "1"]
[White "wedmarques"]
[Black "bdpq"]
[Result "1-0"]
[WhiteElo "1814"]
[BlackElo "1659"]

1. e4 d5 2. exd5 Qxd5 3. Nc3 Qd8 4. Nf3 e6 5. d4 Bb4 6. a3 Bxc3+ 7. bxc3 Nf6 8.
Bd3 O-O 9. O-O Ng4 10. Ng5 Nf6 11. Qf3 Nd5 12. Bxh7+ Kh8 13. Qh3 g6 14. Bxg6+
Kg7 15. Qh7+ Kf6 16. Ne4+ Ke7 17. Bg5+ Kd7 18. Bxd8 Kxd8 19. Bxf7 Bd7 20. Qg7
Ke7 21. Bh5+ Kd8 22. Qxf8+ 1-0

[Event "AUTO-ADV-3031"]
[Site "http://www.queenalice.com/game.php?id=1240521"]
[Date "2013.12.16"]
[Round "1"]
[White "bdpq"]
[Black "wedmarques"]
[Result "1-0"]
[WhiteElo "1634"]
[BlackElo "1755"]

1. e4 c5 2. d3 d6 3. Be2 Nf6 4. Bg5 e5 5. Nf3 Be7 6. Bxf6 Bxf6 7. Nc3 Nc6 8. O-O
Be6 9. Nb5 a6 10. Nc3 O-O 11. Nd5 Be7 12. Nxe7+ Qxe7 13. c4 b5 14. cxb5 axb5 15.
b3 Ra7 16. Qd2 Rfa8 17. Ng5 Bxb3 18. f4 Rxa2 19. Rxa2 Rxa2 20. Qc3 Nd4 21. Bg4
exf4 22. Nf3 Ne2+ 23. Kh1 Nxc3 24. h3 1-0

[Event "AUTO-OPEN-3144"]
[Site "http://www.queenalice.com/game.php?id=1240676"]
[Date "2013.12.17"]
[Round "1"]
[White "rheenz"]
[Black "wedmarques"]
[Result "1-0"]
[WhiteElo "2585"]
[BlackElo "1764"]

1. d4 Nf6 2. Nf3 g6 3. Nc3 Bg7 4. e4 O-O 5. e5 Ne8 6. h4 d6 7. h5 dxe5 8. hxg6
fxg6 9. Bc4+ e6 10. d5 Qe7 11. dxe6 Bxe6 12. Bxe6+ Qxe6 13. Ng5 Qf5 14. Qd5+ Rf7
15. Nxf7 1-0

[Event "AUTO-OPEN-3144"]
[Site "http://www.queenalice.com/game.php?id=1240677"]
[Date "2013.12.17"]
[Round "1"]
[White "wedmarques"]
[Black "rheenz"]
[Result "0-1"]
[WhiteElo "1803"]
[BlackElo "2619"]

1. e4 c6 2. d4 g6 3. Nf3 Bg7 4. Bd3 d6 5. O-O Nf6 6. c4 O-O 7. Nc3 Bg4 8. Be2
Qb6 9. Na4 Qa6 10. Bd2 Nxe4 11. c5 b5 12. cxb6 Qb7 13. Be3 axb6 14. Qc2 Nf6 15.
h3 Bf5 16. Qb3 b5 17. Nc3 Be6 18. Qc2 b4 19. Ne4 Rxa2 20. Rxa2 b3 21. Nxf6+ Bxf6
22. Qc1 bxa2 23. Ne1 c5 24. Nc2 Nc6 25. Bf3 cxd4 26. Nxd4 Bxd4 27. Bxd4 Nxd4 28.
Bxb7 Ne2+ 29. Kh2 Nxc1 30. Rxc1 Rb8 31. Be4 f5 32. Bd3 Rb3 33. Bc2 Rxb2 34. Bd3
Rb3 35. Bc2 Rc3 0-1

[Event "AUTO-OPEN-3144"]
[Site "http://www.queenalice.com/game.php?id=1240696"]
[Date "2013.12.17"]
[Round "1"]
[White "donay_attack"]
[Black "wedmarques"]
[Result "0-1"]
[WhiteElo "1733"]
[BlackElo "1801"]

1. e4 e6 2. d4 d5 3. e5 c5 4. c3 Nc6 5. Nf3 Nge7 6. Be2 cxd4 7. cxd4 Nf5 8. O-O
Qb6 9. Nc3 Nfxd4 10. Na4 Nxe2+ 11. Qxe2 Qc7 12. Bg5 Bd7 13. Rac1 h6 14. Bh4 g5
15. Bg3 Bg7 16. b4 a6 17. Nc5 Qb6 18. a3 g4 19. Nd2 h5 20. Bf4 Nd4 21. Qd3 Nf5
22. Ndb3 Bb5 23. Qd1 Bxf1 24. Qxf1 h4 25. Na5 Bf8 26. Ncxb7 g3 27. Be3 Nxe3 28.
fxe3 Qxe3+ 29. Kh1 gxh2 30. Nd6+ Bxd6 31. exd6 h3 32. d7+ Kxd7 0-1

[Event "AUTO-OPEN-3144"]
[Site "http://www.queenalice.com/game.php?id=1240697"]
[Date "2013.12.17"]
[Round "1"]
[White "wedmarques"]
[Black "donay_attack"]
[Result "0-1"]
[WhiteElo "1805"]
[BlackElo "2243"]

1. e4 e6 2. d4 d5 3. e5 b6 4. Nf3 Qd7 5. Bd3 Ba6 6. O-O Bxd3 7. Qxd3 Ne7 8. c4
dxc4 9. Qxc4 Nd5 10. Nc3 c5 11. dxc5 Bxc5 12. Rd1 Qc7 13. Nxd5 Bxf2+ 14. Kxf2
Qxc4 15. Ne3 Qc7 16. Bd2 Nd7 17. Rac1 Qb7 18. Nc4 O-O 19. Nd6 Qa6 20. a3 Nc5 21.
b4 Nd3+ 0-1

[Event "AUTO-ADV-3063"]
[Site "http://www.queenalice.com/game.php?id=1251968"]
[Date "2014.1.28"]
[Round "1"]
[White "wedmarques"]
[Black "ChessColossos"]
[Result "0-1"]
[WhiteElo "1821"]
[BlackElo "2180"]

1. e4 e5 2. Nf3 Nc6 3. Bb5 a6 4. Ba4 Nf6 5. O-O Be7 6. Re1 b5 7. Bb3 d6 8. h3
Na5 9. c3 Nxb3 10. axb3 O-O 11. d4 Bb7 12. Nbd2 Nd7 13. Nf1 f5 14. Ng3 fxe4 0-1

[Event "AUTO-ADV-3063"]
[Site "http://www.queenalice.com/game.php?id=1251987"]
[Date "2014.1.28"]
[Round "1"]
[White "wedmarques"]
[Black "Nille"]
[Result "0-1"]
[WhiteElo "1780"]
[BlackElo "1849"]

1. e4 e5 2. Nf3 d6 3. d4 exd4 4. Nxd4 h6 5. Bc4 c5 6. Qf3 Nf6 7. Nf5 Nc6 8. c3
a6 9. a4 Ne5 10. Qe2 Bd7 11. Ne3 Be7 12. Nd5 O-O 13. Nxf6+ Bxf6 14. O-O Qc7 0-1

[Event "AUTO-ADV-3063"]
[Site "http://www.queenalice.com/game.php?id=1251988"]
[Date "2014.1.28"]
[Round "1"]
[White "Nille"]
[Black "wedmarques"]
[Result "1-0"]
[WhiteElo "1862"]
[BlackElo "1767"]

1. e4 c5 2. Nf3 d6 3. Bc4 Nf6 4. Nc3 e6 5. O-O a6 6. a3 Be7 7. d4 cxd4 8. Nxd4
b5 9. Ba2 Bb7 10. Re1 O-O 11. Bg5 Qb6 12. b4 Nbd7 13. Qd3 Rac8 14. Rac1 1-0